| 000 | 00664nam a2200241Ia 4500 | ||
|---|---|---|---|
| 001 | dia_2943 | ||
| 003 | CHAP | ||
| 005 | 20230531113416.0 | ||
| 008 | 220117s1971 xx 000 0 und d | ||
| 010 | _a173446 | ||
| 040 | _cCHAP | ||
| 082 | _a664.9028 C66 | ||
| 100 |
_aCoretti, Kornel _927992 |
||
| 245 |
_aEmbutidos: Elaboración y Defectos / _c por Kornel Coretti |
||
| 260 |
_aZaragoza, España, Acribia _c1971 |
||
| 300 | _a136 p. | ||
| 650 |
_aCarne _xconservación _919066 |
||
| 650 |
_aTocineria _9153797 |
||
| 901 | _a664.9028 C66 | ||
| 902 | _aM | ||
| 905 | _a0000001971 ZAR 0000000000ESP00 | ||
| 942 |
_cLIBRO _2ddc |
||
| 999 |
_c173446 _d173446 |
||